| 000 | 00660nam a2200241Ia 4500 | ||
|---|---|---|---|
| 003 | OSt | ||
| 005 | 20220924113159.0 | ||
| 006 | a|||||r|||| 00| 0 | ||
| 007 | ta | ||
| 008 | 220923b |||||||| |||| 00| 0 eng d | ||
| 024 | _a149624 | ||
| 037 | _cDictionary | ||
| 040 |
_aARTS _cARTS _beng |
||
| 041 |
_2eng _aeng |
||
| 082 | _aY1:425Y73:M8, K3 | ||
| 100 |
_aWraith Ronald _9116265 |
||
| 245 | 0 | _aCorruption in developing countries | |
| 260 |
_aNA _bNA _c1963 |
||
| 650 | _aSOCIOLOGY | ||
| 700 |
_a Simpkins Edgar _9169649 |
||
| 942 |
_hY1:425Y73:M8, K3 _cdic _2cc |
||
| 999 |
_c389462 _d389462 |
||